| 000 | 01066cam a22001934a 4500 | ||
|---|---|---|---|
| 005 | 20250605164014.0 | ||
| 008 | 250528s ||||||||||||||||||||||||d | ||
| 035 | _a16063 | ||
| 020 | _a1861522155 | ||
| 040 |
_aGR-AtMCL _bgre _dGR-AtMCL _eAACR2 |
||
| 245 | 1 | _aMarketing Research / Measurement, Method and Application | |
| 260 |
_bInternational Thomson Business Press, _c1999 |
||
| 300 | _a338 | ||
| 520 | _aThis book provides a comprehensive and detailed coverage of all the elements that go into marketing research including the instruments of data capture, data collection methods and data analysis, along with an up-to-date review of techniques and applications currently used by the larger market research agencies. Preface, Acknowledgements, Marketing Research in Perspective, The Nature of Data and the Measurements of Variables, The Instruments of Data Capture, Data Collection Methods, Sampling Cases, Data Analysis, Specific Techniques and Applications, Index. | ||
| 700 | 1 |
_aKent Raymont _92102 |
|
| 942 | _cBK | ||
| 999 |
_c1603 _d1603 |
||